[Event "Senior DM 65+ 2021"]
[Site "Logumkloster"]
[Date "2021.06.03"]
[Round "5"]
[White "Cordes, Steffen"]
[Black "Christiansen, Jens Jorgen"]
[Result "0-1"]
[WhiteElo "1923"]
[BlackElo "2051"]
[PlyCount "108"]
[EventDate "2021.05.30"]
[EventType "swiss"]
[EventRounds "7"]
[EventCountry "DEN"]

1. e4 e5 2. Nf3 Nf6 3. Nc3 Bb4 4. Nxe5 O-O 5. Be2 Re8 6. Nd3 Bxc3 7. dxc3 Nxe4
8. O-O d6 9. Bf3 Bf5 10. Re1 Nd7 11. Nf4 Ndf6 12. Nd5 c6 13. Nxf6+ Qxf6 14. Qd4
Nxc3 15. Rxe8+ Rxe8 16. Be3 Qxd4 17. Bxd4 Nb5 18. Be3 d5 19. a4 Nd6 20. g3 a6
21. Rc1 Be4 22. Kg2 Nf5 23. Bc5 Bxf3+ 24. Kxf3 Re4 25. b3 f6 26. Rd1 g5 27. Rd2
g4+ 28. Kg2 Ng7 29. f3 gxf3+ 30. Kxf3 Ne6 31. Bb6 f5 32. Ba7 h5 33. c3 Kf7 34.
h4 Ke7 35. Bb6 Kd6 36. Be3 c5 37. Bg1 Re1 38. Bh2 Kc6 39. Re2 Rxe2 40. Kxe2 c4
41. bxc4 dxc4 42. Bg1 Nc5 43. Bd4 Nxa4 44. Kf3 Nc5 45. Kf4 Ne6+ 46. Kxf5 Nxd4+
47. Kg5 Ne2 48. g4 hxg4 49. Kxg4 Nxc3 50. h5 Nd5 51. h6 Nf6+ 52. Kf5 Nh7 53.
Kg6 c3 54. Kxh7 c2 0-1

[Event "Senior DM 65+ 2021"]
[Site "Logumkloster"]
[Date "2021.06.03"]
[Round "5"]
[White "Larsen, Arne Walther"]
[Black "Christiansen, Arne"]
[Result "0-1"]
[WhiteElo "1731"]
[BlackElo "2036"]
[PlyCount "48"]
[EventDate "2021.05.30"]
[EventType "swiss"]
[EventRounds "7"]
[EventCountry "DEN"]

1. Nf3 Nf6 2. g3 g6 3. Bg2 Bg7 4. d3 O-O 5. Nbd2 c5 6. e4 Nc6 7. O-O d6 8. c3
Qc7 9. Qe2 a6 10. a4 Rb8 11. Nc4 b5 12. axb5 axb5 13. Ne3 Bd7 14. Nd5 Qd8 15.
Bd2 b4 16. cxb4 Nxd5 17. exd5 Nxb4 18. Bc3 Bf5 19. Ne1 Re8 20. Be4 Bc8 21. Nc2
Nxc2 22. Qxc2 Qb6 23. Rfd1 Bg4 24. Bxg7 Bxd1 0-1

[Event "Senior DM 65+ 2021"]
[Site "Logumkloster"]
[Date "2021.06.03"]
[Round "5"]
[White "Pakmor, Claus"]
[Black "Petersen, Peter Birk"]
[Result "1/2-1/2"]
[WhiteElo "1948"]
[BlackElo "2152"]
[PlyCount "45"]
[EventDate "2021.05.30"]
[EventType "swiss"]
[EventRounds "7"]
[EventCountry "DEN"]

1. e4 c5 2. Nf3 e6 3. d4 cxd4 4. Nxd4 Nc6 5. Nc3 Qc7 6. Be3 a6 7. Qf3 Nf6 8.
O-O-O Bb4 9. Nxc6 bxc6 10. Bd4 Be7 11. Qg3 Qxg3 12. hxg3 d5 13. Be2 O-O 14. e5
Nd7 15. f4 c5 16. Bf2 f6 17. Bf3 Rb8 18. Bxd5 exd5 19. Nxd5 Re8 20. e6 Nf8 21.
f5 Bxe6 22. fxe6 Nxe6 23. Rhe1 1/2-1/2

[Event "Senior DM 65+ 2021"]
[Site "Logumkloster"]
[Date "2021.06.04"]
[Round "6"]
[White "Hartung Nielsen, Jens"]
[Black "Kolbak, Jens"]
[Result "0-1"]
[WhiteElo "2174"]
[BlackElo "2141"]
[PlyCount "114"]
[EventDate "2021.05.30"]
[EventType "swiss"]
[EventRounds "7"]
[EventCountry "DEN"]

1. d4 d5 2. c4 c6 3. Nf3 Nf6 4. e3 g6 5. Nc3 Bg7 6. Bd3 O-O 7. O-O Bg4 8. h3
Bxf3 9. Qxf3 e6 10. Qd1 Nbd7 11. f4 dxc4 12. Bxc4 c5 13. Be2 cxd4 14. exd4 Nb6
15. Bf3 Qd7 16. Qd3 Rac8 17. Rd1 Rfd8 18. Be3 Nfd5 19. Nxd5 Nxd5 20. Bd2 Qa4
21. Bc1 Rc7 22. b3 Qb4 23. Bxd5 Rxd5 24. Bb2 Rcd7 25. Qf3 Bxd4+ 26. Bxd4 Rxd4
27. Rf1 Rc7 28. Rf2 Qc3 29. Qxc3 Rxc3 30. Re1 h5 31. Ref1 Kg7 32. Re2 h4 33.
Ref2 Kf6 34. Re2 b6 35. Kh2 Rc5 36. Rf3 a5 37. g3 hxg3+ 38. Kxg3 Rc1 39. Re5
Rd5 40. Re4 b5 41. b4 a4 42. a3 Rcd1 43. Rfe3 R1d3 44. Kf3 Rxe3+ 45. Rxe3 Kf5
46. Rc3 e5 47. fxe5 Kxe5 48. Ke3 f5 49. Rc8 f4+ 50. Ke2 g5 51. Rc7 Ke4 52. Rc3
f3+ 53. Kf2 Rd2+ 54. Ke1 Rh2 55. Rc5 Kf4 56. Rxb5 Rxh3 57. Rb8 Kg3 0-1

[Event "Senior DM 65+ 2021"]
[Site "Logumkloster"]
[Date "2021.06.04"]
[Round "6"]
[White "Christiansen, Jens Jorgen"]
[Black "Jorgensen, Jorgen"]
[Result "1/2-1/2"]
[WhiteElo "2051"]
[BlackElo "2157"]
[PlyCount "22"]
[EventDate "2021.05.30"]
[EventType "swiss"]
[EventRounds "7"]
[EventCountry "DEN"]

1. d4 Nf6 2. c4 e6 3. Nf3 d5 4. Nc3 c6 5. e3 Nbd7 6. Be2 dxc4 7. Bxc4 b5 8. Be2
Bb7 9. O-O a6 10. a3 c5 11. dxc5 Nxc5 1/2-1/2

[Event "Senior DM 65+ 2021"]
[Site "Logumkloster"]
[Date "2021.06.04"]
[Round "6"]
[White "Christiansen, Arne"]
[Black "Rasmussen, Lars Garne"]
[Result "1-0"]
[WhiteElo "2036"]
[BlackElo "1945"]
[PlyCount "73"]
[EventDate "2021.05.30"]
[EventType "swiss"]
[EventRounds "7"]
[EventCountry "DEN"]

1. d4 Nf6 2. Nf3 e6 3. c4 d5 4. Nc3 Bb4 5. Bg5 h6 6. Bxf6 Qxf6 7. cxd5 exd5 8.
e3 O-O 9. Bd3 Bg4 10. O-O Bxf3 11. Qxf3 Qxf3 12. gxf3 c6 13. a3 Bxc3 14. bxc3
f5 15. f4 Nd7 16. c4 dxc4 17. Bxc4+ Kh7 18. Rab1 Nb6 19. Ba2 Rae8 20. a4 Re7
21. a5 Nc8 22. Rfc1 Nd6 23. a6 Rc8 24. axb7 Rxb7 25. Rxb7 Nxb7 26. Be6 Rc7 27.
Bxf5+ Kg8 28. Be4 Nd8 29. Rc5 Kf7 30. d5 Nb7 31. Rxc6 Rxc6 32. dxc6 Nd6 33. c7
a5 34. Bb7 a4 35. c8=Q Nxc8 36. Bxc8 a3 37. Ba6 1-0

[Event "Senior DM 65+ 2021"]
[Site "Logumkloster"]
[Date "2021.06.04"]
[Round "6"]
[White "Jarlnaes, Erik"]
[Black "Holst, Per"]
[Result "1/2-1/2"]
[WhiteElo "1976"]
[BlackElo "2109"]
[PlyCount "81"]
[EventDate "2021.05.30"]
[EventType "swiss"]
[EventRounds "7"]
[EventCountry "DEN"]

1. e4 e6 2. d4 d5 3. Nc3 Bb4 4. exd5 exd5 5. Bd2 Nc6 6. Bb5 Nge7 7. a3 Bd6 8.
Bg5 f6 9. Bh4 Bf5 10. Nge2 Qd7 11. Bg3 O-O-O 12. Qd2 g5 13. O-O-O a6 14. Bd3
Bxd3 15. Qxd3 Na5 16. h4 h6 17. b4 Bxg3 18. Nxg3 Nc4 19. Nb1 a5 20. Rde1 axb4
21. axb4 Qd6 22. c3 Rhe8 23. hxg5 hxg5 24. Re2 Nc6 25. Rhe1 Qf4+ 26. Kc2 Rxe2+
27. Rxe2 Nd6 28. Nh5 Qh2 29. Nxf6 Qxg2 30. f3 Qh1 31. b5 Na5 32. Nxd5 g4 33.
Ne7+ Kb8 34. fxg4 Rf8 35. Nf5 Ndc4 36. Qe4 Qf1 37. Re1 Qf2+ 38. Re2 Qf1 39. Re1
Qf2+ 40. Qe2 Qf4 41. Qe4 1/2-1/2

[Event "Senior DM 65+ 2021"]
[Site "Logumkloster"]
[Date "2021.06.04"]
[Round "6"]
[White "Nielsen, Henning"]
[Black "Gronhoj, Benny"]
[Result "0-1"]
[WhiteElo "2041"]
[BlackElo "2003"]
[PlyCount "154"]
[EventDate "2021.05.30"]
[EventType "swiss"]
[EventRounds "7"]
[EventCountry "DEN"]

1. e4 c5 2. Nf3 e6 3. d4 cxd4 4. Nxd4 a6 5. Nc3 Nc6 6. Be3 Bb4 7. Be2 Nf6 8. f3
d5 9. Nxc6 bxc6 10. e5 Nd7 11. f4 c5 12. a3 Ba5 13. Bd2 Bb7 14. Bf3 Qc7 15. Qe2
Rb8 16. O-O O-O 17. Kh1 Bc6 18. b3 Bxc3 19. Bxc3 Bb5 20. Qf2 Bxf1 21. Rxf1 d4
22. Bd2 f6 23. Bg4 Qb6 24. exf6 Nxf6 25. Bf3 e5 26. fxe5 Ne4 27. Bxe4 Rxf2 28.
Rxf2 Qe6 29. Bd3 Qxe5 30. Bf4 Qe1+ 31. Rf1 Re8 32. Bxa6 Qa5 33. Bc4+ Kh8 34. a4
Re1 35. Kg1 Rxf1+ 36. Kxf1 Qd8 37. g3 Qf6 38. h4 h6 39. Ke2 Qf5 40. Bd3 Qd5 41.
Kd2 g5 42. hxg5 hxg5 43. Bc7 Kg7 44. a5 Qb7 45. Be5+ Kf7 46. a6 Qa7 47. Bc4+
Ke7 48. Kd3 Qa8 49. Kd2 Qa7 50. Kc1 Qb6 51. Kd1 Kd7 52. Ke2 Kc8 53. Kf3 Qc6+
54. Kg4 Qe4+ 55. Bf4 gxf4 56. Bd3 Qe7 57. gxf4 Kd8 58. f5 Ke8 59. Kf4 Kf7 60.
Be4 Qd6+ 61. Kf3 Qxa6 62. Bd3 Qa1 63. Ke4 Kf6 64. Kd5 Qa5 65. Kd6 Qb6+ 66. Kd5
Ke7 67. Ke4 Qd6 68. Kf3 Kf6 69. Ke2 Qh2+ 70. Kd1 Qg1+ 71. Ke2 Kg5 72. Kf3 Qh1+
73. Kg3 Qh4+ 74. Kf3 Qf4+ 75. Ke2 Kg4 76. Kd1 Kf3 77. Be2+ Kf2 0-1

[Event "Senior DM 65+ 2021"]
[Site "Logumkloster"]
[Date "2021.06.04"]
[Round "6"]
[White "Petersen, Peter Birk"]
[Black "Cordes, Steffen"]
[Result "1-0"]
[WhiteElo "2152"]
[BlackElo "1923"]
[PlyCount "101"]
[EventDate "2021.05.30"]
[EventType "swiss"]
[EventRounds "7"]
[EventCountry "DEN"]

1. e4 c5 2. Nf3 g6 3. d4 cxd4 4. Nxd4 Bg7 5. c4 Nc6 6. Be3 Nf6 7. Nc3 O-O 8.
Be2 d6 9. O-O Bd7 10. Qd2 Nxd4 11. Bxd4 Bc6 12. f3 a5 13. b3 Nd7 14. Be3 Nc5
15. Rab1 Re8 16. Rfd1 Be5 17. Qe1 Qc7 18. Nd5 Bxd5 19. cxd5 Rec8 20. Rdc1 Qd8
21. Bb5 Qf8 22. Rc2 Qg7 23. Qd2 f5 24. exf5 gxf5 25. Rbc1 Kh8 26. Kh1 b6 27.
Bc6 Rab8 28. Bxc5 bxc5 29. f4 Bd4 30. Bd7 Rf8 31. Qxa5 Qh6 32. Qd2 Rf6 33. Be6
Rbf8 34. Rf1 Rg6 35. Qd3 Rg4 36. g3 Qh5 37. Kg2 Rf6 38. h3 Rg7 39. Qf3 Qg6 40.
b4 Qe8 41. Qd3 Qa8 42. Kh2 Qb7 43. b5 Rf8 44. Rb1 Rf6 45. b6 Rfg6 46. Rg2 Rf6
47. a4 Rf8 48. a5 Ra8 49. a6 Rxa6 50. Qxa6 Qxa6 51. b7 1-0

[Event "Senior DM 65+ 2021"]
[Site "Logumkloster"]
[Date "2021.06.05"]
[Round "7"]
[White "Kolbak, Jens"]
[Black "Christiansen, Arne"]
[Result "1/2-1/2"]
[WhiteElo "2141"]
[BlackElo "2036"]
[PlyCount "28"]
[EventDate "2021.05.30"]
[EventType "swiss"]
[EventRounds "7"]
[EventCountry "DEN"]

1. d4 Nf6 2. Nf3 g6 3. g3 Bg7 4. Bg2 O-O 5. O-O d6 6. Nc3 Nbd7 7. e4 c6 8. a4
e5 9. Re1 Qc7 10. Rb1 a5 11. b3 Rd8 12. Bb2 Nf8 13. h3 Ne6 14. Qd2 h6 1/2-1/2

[Event "Senior DM 65+ 2021"]
[Site "Logumkloster"]
[Date "2021.06.05"]
[Round "7"]
[White "Gronhoj, Benny"]
[Black "Christiansen, Jens Jorgen"]
[Result "0-1"]
[WhiteElo "2003"]
[BlackElo "2051"]
[PlyCount "130"]
[EventDate "2021.05.30"]
[EventType "swiss"]
[EventRounds "7"]
[EventCountry "DEN"]

1. e4 e5 2. Nf3 Nf6 3. Nc3 Bb4 4. d3 d5 5. exd5 Nxd5 6. Bd2 Nc6 7. Be2 O-O 8.
O-O Nxc3 9. bxc3 Bc5 10. Ng5 Be7 11. Ne4 f5 12. Ng3 Bc5 13. d4 exd4 14. Bc4+
Kh8 15. Nh5 Ne5 16. Bb3 Ng4 17. Qf3 Qh4 18. h3 Qxh5 19. hxg4 fxg4 20. Qd3 g3
21. fxg3 Bf5 22. Qc4 Be6 23. Qxe6 Rfe8 24. g4 dxc3+ 25. Be3 Rxe6 26. gxh5 Rxe3
27. Kh2 Bd6+ 28. Kh1 Re5 29. g4 Re3 30. Bd5 c6 31. Bf3 g6 32. Rad1 Rd8 33. h6
Kg8 34. Kg2 Be7 35. Rxd8+ Bxd8 36. Rd1 Bg5 37. Kf2 Kf7 38. Be2 Ke7 39. Bc4 Rh3
40. Re1+ Kd7 41. Kg2 Re3 42. Rd1+ Kc7 43. Kf2 Re4 44. Bg8 Rxg4 45. Kf3 Rh4 46.
Be6 Bd2 47. Kg3 Rxh6 48. Rf1 Rh5 49. Rf7+ Kd6 50. Bg4 Rb5 51. Rxh7 g5 52. Bc8
Rb2 53. Rxb7 Rxc2 54. Kf3 Bf4 55. Rd7+ Kc5 56. Rd3 Kb4 57. Be6 Rc1 58. Rd4+ Kb5
59. Rc4 a5 60. a4+ Kb6 61. Bd7 c5 62. Bf5 Kc6 63. Be4+ Kd6 64. Ke2 Be5 65. Bf3
Bd4 0-1

[Event "Senior DM 65+ 2021"]
[Site "Logumkloster"]
[Date "2021.06.05"]
[Round "7"]
[White "Holst, Per"]
[Black "Hartung Nielsen, Jens"]
[Result "0-1"]
[WhiteElo "2109"]
[BlackElo "2174"]
[PlyCount "86"]
[EventDate "2021.05.30"]
[EventType "swiss"]
[EventRounds "7"]
[EventCountry "DEN"]

1. d4 Nf6 2. c4 e6 3. Nc3 Bb4 4. e3 b6 5. Nge2 Ba6 6. a3 Be7 7. Nf4 d5 8. b3
O-O 9. Bb2 c6 10. Be2 Bd6 11. cxd5 Bxf4 12. Bxa6 Nxa6 13. exf4 Nxd5 14. Ne2 Qd6
15. Qd2 Rfd8 16. O-O Rac8 17. Rac1 Nb8 18. Rc2 Nd7 19. Rfc1 N7f6 20. g3 h6 21.
Qd3 Ne7 22. Qf3 Qd5 23. Kg2 h5 24. Qxd5 cxd5 25. Rc7 Rxc7 26. Rxc7 Rd7 27. Rc2
b5 28. Nc1 Rb7 29. Nd3 Nd7 30. Kf3 Kh7 31. h3 a5 32. g4 a4 33. b4 hxg4+ 34.
hxg4 Nb6 35. Rc5 Nc4 36. Bc1 g6 37. Kg3 Kg7 38. f3 Kf8 39. Nf2 Ke8 40. Nd1 Kd7
41. Nc3 Nd6 42. Kf2 Nc6 43. Ke3 Nb8 0-1

[Event "Senior DM 65+ 2021"]
[Site "Logumkloster"]
[Date "2021.06.05"]
[Round "7"]
[White "Petersen, Karsten Nymann"]
[Black "Jarlnaes, Erik"]
[Result "1-0"]
[WhiteElo "2084"]
[BlackElo "1976"]
[PlyCount "83"]
[EventDate "2021.05.30"]
[EventType "swiss"]
[EventRounds "7"]
[EventCountry "DEN"]

1. d4 Nf6 2. Nf3 d5 3. g3 g6 4. Bg2 Bg7 5. c4 c6 6. cxd5 cxd5 7. O-O Nc6 8. Nc3
O-O 9. Bf4 a6 10. Rc1 Nh5 11. Be3 e6 12. Qd2 Na5 13. b3 b5 14. Bh6 Bb7 15. Bxg7
Kxg7 16. Ne5 Rc8 17. Nd3 Rc6 18. Nc5 Nf6 19. e4 dxe4 20. N3xe4 Nxe4 21. Bxe4
Rxc5 22. Rxc5 Bxe4 23. Rfc1 Nb7 24. Rc7 Nd6 25. Qf4 Bd5 26. Qe5+ Kg8 27. h4 Ne4
28. R1c2 Qd6 29. Ra7 Qb4 30. Re2 Nd2 31. Qf4 Nf3+ 32. Kf1 Qxd4 33. Qxd4 Nxd4
34. Rd2 Bf3 35. Rxd4 Rc8 36. Ke1 Rc2 37. Rd8+ Kg7 38. Rdd7 Re2+ 39. Kf1 Bh5 40.
Rxf7+ Kg8 41. Rfd7 Rxa2 42. Rd8# 1-0

[Event "Senior DM 65+ 2021"]
[Site "Logumkloster"]
[Date "2021.06.05"]
[Round "7"]
[White "Rasmussen, Lars Garne"]
[Black "Olesen, Poul Erik Norgaard"]
[Result "1-0"]
[WhiteElo "1945"]
[BlackElo "1991"]
[PlyCount "45"]
[EventDate "2021.05.30"]
[EventType "swiss"]
[EventRounds "7"]
[EventCountry "DEN"]

1. e4 d6 2. d4 Nf6 3. Nc3 g6 4. f4 Bg7 5. Nf3 O-O 6. Bd3 Nc6 7. O-O e5 8. fxe5
dxe5 9. d5 Nb4 10. Bg5 h6 11. Bh4 Re8 12. Bb5 c6 13. dxc6 Qxd1 14. Raxd1 bxc6
15. Ba4 Ba6 16. Rfe1 Bb7 17. a3 Na6 18. Rd6 g5 19. Bg3 g4 20. Nh4 Rac8 21. Nf5
Re6 22. Rxe6 fxe6 23. Ne7+ 1-0